[Event "Quebec-ch U16"]
[Site "Montreal CAN"]
[Date "1997.03.05"]
[Round "7"]
[White "Gottlieb, Jonathan"]
[Black "Pescarus, Radu"]
[Result "1-0"]
[WhiteElo "1818"]
[BlackElo "1906"]
[PlyCount "49"]
[GameId "2160767911966408"]
[EventDate "1997.03.01"]
[EventType "tourn"]
[EventRounds "7"]
[EventCountry "CAN"]

1. e4 c5 2. Nf3 d6 3. d4 cxd4 4. Nxd4 Nf6 5. Nc3 a6 6. Bc4 b5 7. Bb3 Bb7 8. f3 Nc6 9. g4 h6 10. h4 g6 11. Be3 Bg7 12. Qd2 Qc7 13. O-O-O Na5 14. h5 Nxb3+ 15. axb3 g5 16. Nf5 Bf8 17. Bd4 e5 18. Be3 O-O-O 19. Qf2 Qd7 20. Rd2 Qe6 21. Rhd1 d5 22. exd5 Nxd5 23. Nxd5 Rxd5 24. Rxd5 Bxd5 25. Qd2 1-0

[Event "Quebec-ch U20"]
[Site "Montreal CAN"]
[Date "1997.03.01"]
[Round "1"]
[White "Cormos, Eugene"]
[Black "Goldenberg, Danny"]
[Result "1/2-1/2"]
[WhiteElo "2039"]
[BlackElo "2105"]
[PlyCount "168"]
[GameId "2160767911966410"]
[EventDate "1997.03.01"]
[EventType "tourn"]
[EventRounds "7"]
[EventCountry "CAN"]

1. e4 c5 2. c3 d5 3. exd5 Qxd5 4. d4 Nf6 5. Nf3 Bg4 6. Be2 e6 7. O-O Nc6 8. Be3 cxd4 9. cxd4 Be7 10. Nc3 Qd6 11. Rc1 O-O 12. a3 Rac8 13. Qa4 Nd5 14. Ne4 Qb8 15. Rfe1 Rfd8 16. h3 Nb6 17. Qb5 Bxf3 18. Bxf3 Nxd4 19. Bxd4 Rxd4 20. Rxc8+ Qxc8 21. Nc3 Qd7 22. Qe5 Bd6 23. Qxd4 Bh2+ 24. Kxh2 Qxd4 25. Rd1 Qe5+ 26. g3 g6 27. Bxb7 Nc4 28. Rd3 Qc7 29. Ba6 Nxb2 30. Re3 Nc4 31. Bxc4 Qxc4 32. Ne2 Kg7 33. Kg2 Qd5+ 34. Kg1 e5 35. Nc3 Qa5 36. Ne2 f5 37. Kg2 Qd5+ 38. Kg1 Kf6 39. Nc3 Qa5 40. Kg2 g5 41. g4 f4 42. Ne4+ Ke7 43. Rc3 Qd5 44. f3 Qa2+ 45. Kf1 Qb1+ 46. Ke2 Qb5+ 47. Kf2 h6 48. Ke1 Ke6 49. Rd3 Ke7 50. Rc3 Qb1+ 51. Ke2 a5 52. Rd3 Qc2+ 53. Rd2 Qc4+ 54. Rd3 a4 55. Kd2 Qa2+ 56. Ke1 Qc2 57. Rc3 Qg2 58. Nf2 Kd6 59. Ke2 Kd5 60. Rc1 Kd4 61. Rc2 Qg1 62. Rd2+ Kc4 63. Rd1 Qg2 64. Rb1 Kc3 65. Rb4 e4 66. fxe4 Qg3 67. Nd1+ Kc2 68. Rc4+ Kb1 69. Rc3 Qg1 70. Nf2 Ka2 71. Rd3 Qa1 72. Nd1 Qe5 73. Nf2 Qe6 74. Kf3 Kb2 75. Ke2 Kc2 76. Kf3 Qe8 77. Kg2 h5 78. Kf3 hxg4+ 79. hxg4 Qh8 80. Kg2 Kb2 81. Kg1 Qc8 82. Nd1+ Ka2 83. Nf2 Kb2 84. Nd1+ Ka2 1/2-1/2

[Event "Quebec-ch U20"]
[Site "Montreal CAN"]
[Date "1997.03.01"]
[Round "1"]
[White "Fang, Ming"]
[Black "Soudre, Nicolas"]
[Result "0-1"]
[WhiteElo "1908"]
[BlackElo "1907"]
[PlyCount "88"]
[GameId "2160767911966411"]
[EventDate "1997.03.01"]
[EventType "tourn"]
[EventRounds "7"]
[EventCountry "CAN"]

1. d4 e6 2. c4 Nf6 3. Nc3 d5 4. cxd5 exd5 5. Bg5 Be7 6. Qc2 c6 7. e3 O-O 8. Bd3 h6 9. Bh4 Re8 10. Nge2 Ne4 11. Bxe7 Qxe7 12. Ng3 f5 13. O-O-O a5 14. Rde1 Na6 15. Bxa6 Rxa6 16. f3 Nxg3 17. hxg3 Qg5 18. Qf2 b5 19. Kb1 a4 20. Re2 b4 21. Nd1 Rb6 22. Rh4 Ba6 23. Rd2 Qf6 24. f4 Rb7 25. Qf3 Bc4 26. Qh5 Qf7 27. Qf3 Qe7 28. Rh5 Qe6 29. Rh4 b3 30. a3 Rc7 31. g4 c5 32. g5 cxd4 33. Rxd4 Qa6 34. Nc3 Bd3+ 35. Kc1 Be4 36. Qf2 Rec8 37. Qe1 Qb5 38. Rxe4 dxe4 39. Qd1 Rxc3+ 40. bxc3 Rxc3+ 41. Kb1 Qd3+ 42. Qxd3 exd3 43. gxh6 d2 44. Rh1 Rxe3 0-1

[Event "Quebec-ch U20"]
[Site "Montreal CAN"]
[Date "1997.03.01"]
[Round "1"]
[White "Hua, Lefong"]
[Black "Filion, Charles"]
[Result "1-0"]
[WhiteElo "2188"]
[BlackElo "2114"]
[PlyCount "69"]
[GameId "2160767911966412"]
[EventDate "1997.03.01"]
[EventType "tourn"]
[EventRounds "7"]
[EventCountry "CAN"]

1. d4 Nf6 2. c4 c5 3. d5 e6 4. Nc3 exd5 5. cxd5 d6 6. e4 g6 7. f4 Bg7 8. Bb5+ Nfd7 9. a4 O-O 10. Nf3 Na6 11. O-O Nc7 12. Be2 Re8 13. Nd2 a6 14. Bf3 Rb8 15. Nc4 Bf8 16. Re1 b5 17. Na5 Qf6 18. Nc6 Rb7 19. e5 dxe5 20. Ne4 Qg7 21. d6 Ne6 22. fxe5 Nxe5 23. Nf6+ Qxf6 24. Nxe5 Nd4 25. Bxb7 Bxb7 26. d7 Rd8 27. axb5 axb5 28. Bd2 Be7 29. Ra3 Qd6 30. Bf4 Qd5 31. Qd2 Bf8 32. Bg5 f6 33. Bxf6 Rxd7 34. Rd3 Rd6 35. Qf2 1-0

[Event "Quebec-ch U20"]
[Site "Montreal CAN"]
[Date "1997.03.01"]
[Round "2"]
[White "Filion, Charles"]
[Black "Soudre, Nicolas"]
[Result "1-0"]
[WhiteElo "2114"]
[BlackElo "1907"]
[PlyCount "75"]
[GameId "2160767911966414"]
[EventDate "1997.03.01"]
[EventType "tourn"]
[EventRounds "7"]
[EventCountry "CAN"]

1. Nf3 Nf6 2. c4 e6 3. Nc3 d5 4. e3 Be7 5. b3 O-O 6. Bb2 c6 7. d4 Ne4 8. Nxe4 dxe4 9. Nd2 f5 10. Be2 Nd7 11. O-O Nf6 12. f3 exf3 13. Bxf3 a5 14. a3 Qc7 15. e4 h6 16. e5 Nh7 17. g3 Rd8 18. Qc2 Ng5 19. Bg2 b6 20. Bc3 Bb7 21. h4 Nf7 22. g4 c5 23. Bxb7 Qxb7 24. d5 Bxh4 25. gxf5 exd5 26. e6 Ng5 27. Be5 dxc4 28. bxc4 Rxd2 29. Qxd2 Nf3+ 30. Rxf3 Qxf3 31. Rf1 Qg4+ 32. Kh2 Bg5 33. Qd3 Rd8 34. Qg3 Rd2+ 35. Rf2 Rxf2+ 36. Qxf2 Qxc4 37. Qf3 Qd3 38. Qxd3 1-0

[Event "Quebec-ch U20"]
[Site "Montreal CAN"]
[Date "1997.03.01"]
[Round "2"]
[White "Goldenberg, Danny"]
[Black "Boulay, David"]
[Result "1-0"]
[WhiteElo "2105"]
[BlackElo "1967"]
[PlyCount "91"]
[GameId "2160767911966415"]
[EventDate "1997.03.01"]
[EventType "tourn"]
[EventRounds "7"]
[EventCountry "CAN"]

1. e4 c5 2. Nf3 d6 3. d4 cxd4 4. Nxd4 Nf6 5. Nc3 a6 6. Bg5 e6 7. Qd2 Be7 8. O-O-O Qc7 9. f4 Nbd7 10. Qe1 b5 11. Bd3 Bb7 12. a3 O-O 13. g4 Rfc8 14. Kb1 Rab8 15. f5 e5 16. Nf3 Bc6 17. Bxf6 Bxf6 18. g5 Bd8 19. g6 fxg6 20. fxg6 h6 21. Rf1 Bf6 22. Qd2 Nf8 23. Nd5 Bxd5 24. exd5 Re8 25. Be4 a5 26. b3 Nd7 27. h4 Nc5 28. Qe3 Qb6 29. Bf5 b4 30. Ng5 bxa3 31. Be6+ Nxe6 32. Qxb6 Rxb6 33. Nxe6 a4 34. Ka2 axb3+ 35. cxb3 Reb8 36. Rf3 R6b7 37. h5 Rc8 38. Rd2 Rb5 39. Re3 e4 40. Rxe4 Bb2 41. Rc4 Rbb8 42. Rc6 Be5 43. Rdc2 Rxc6 44. dxc6 d5 45. c7 Rc8 46. Rc5 1-0

[Event "Quebec-ch U20"]
[Site "Montreal CAN"]
[Date "1997.03.01"]
[Round "2"]
[White "Hua, Lefong"]
[Black "Cormos, Eugene"]
[Result "1/2-1/2"]
[WhiteElo "2188"]
[BlackElo "2039"]
[PlyCount "84"]
[GameId "2160767911966416"]
[EventDate "1997.03.01"]
[EventType "tourn"]
[EventRounds "7"]
[EventCountry "CAN"]

1. d4 d5 2. Nc3 b6 3. e4 dxe4 4. Nxe4 Bb7 5. Ng3 Nf6 6. Nf3 e6 7. c3 Bd6 8. Bd3 O-O 9. O-O Nbd7 10. Re1 Rc8 11. Qe2 c5 12. Ne4 Bb8 13. Bg5 Qc7 14. Bxf6 Nxf6 15. Nxf6+ gxf6 16. Be4 Bxe4 17. Qxe4 Qf4 18. Qxf4 Bxf4 19. g3 Bd6 20. Rad1 Rfd8 21. d5 e5 22. c4 Kf8 23. Nh4 Ke7 24. Nf5+ Kd7 25. Re4 Rg8 26. h4 a6 27. b3 Rb8 28. Kh2 Rg6 29. Rd3 Rd8 30. Rde3 Rdg8 31. f3 h5 32. Kh3 Bf8 33. f4 Bd6 34. Nxd6 Kxd6 35. fxe5+ fxe5 36. Rxe5 Rxg3+ 37. Rxg3 Rxg3+ 38. Kxg3 Kxe5 39. a4 f6 40. Kf3 Kf5 41. Ke3 Ke5 42. Kd3 Kf5 1/2-1/2

[Event "Quebec-ch U20"]
[Site "Montreal CAN"]
[Date "1997.03.02"]
[Round "3"]
[White "Boulay, David"]
[Black "Hua, Lefong"]
[Result "0-1"]
[WhiteElo "1967"]
[BlackElo "2188"]
[PlyCount "64"]
[GameId "2160767911966417"]
[EventDate "1997.03.01"]
[EventType "tourn"]
[EventRounds "7"]
[EventCountry "CAN"]

1. Nf3 d6 2. g3 g6 3. Bg2 Bg7 4. O-O Nf6 5. d3 O-O 6. e4 Nbd7 7. Nbd2 c6 8. Nh4 a5 9. f4 b5 10. Kh1 Qb6 11. Qe2 e5 12. f5 Bb7 13. h3 d5 14. Bf3 dxe4 15. dxe4 Ba6 16. Rg1 b4 17. Qg2 g5 18. Bd1 gxh4 19. gxh4 Ne8 20. Nc4 Bxc4 21. Bh6 Qxg1+ 22. Qxg1 Kh8 23. Bxg7+ Nxg7 24. Qe3 Ne8 25. b3 Ba6 26. a3 Nef6 27. Bf3 Bb7 28. c3 c5 29. a4 Rfc8 30. c4 Rc6 31. Rd1 Kg7 32. Rd2 Kf8 0-1

[Event "Quebec-ch U20"]
[Site "Montreal CAN"]
[Date "1997.03.02"]
[Round "3"]
[White "Cormos, Eugene"]
[Black "Filion, Charles"]
[Result "1/2-1/2"]
[WhiteElo "2039"]
[BlackElo "2114"]
[PlyCount "134"]
[GameId "2160767911966418"]
[EventDate "1997.03.01"]
[EventType "tourn"]
[EventRounds "7"]
[EventCountry "CAN"]

1. e4 c5 2. c3 Nf6 3. e5 Nd5 4. d4 cxd4 5. cxd4 e6 6. Nf3 b6 7. Bd3 Bb4+ 8. Bd2 Bxd2+ 9. Qxd2 Ba6 10. Nc3 Bxd3 11. Qxd3 Nxc3 12. bxc3 d5 13. exd6 Qxd6 14. O-O Nd7 15. c4 O-O 16. Rac1 Rfd8 17. Rfd1 h6 18. h3 Rac8 19. Qb3 Qe7 20. Qa4 Rc7 21. Re1 Qd6 22. Rc2 Qc6 23. Qb4 Rdc8 24. Ree2 Qb7 25. Qa3 Rxc4 26. Rxc4 Rxc4 27. Qe7 Qc8 28. Re3 Rc1+ 29. Kh2 Qc7+ 30. Ne5 Nxe5 31. Qe8+ Kh7 32. dxe5 Rc5 33. f4 Qb7 34. Rg3 Rc8 35. Qb5 g6 36. Qd3 Qe7 37. Qe4 Qc7 38. Qd4 Rd8 39. Qb4 Qb7 40. h4 h5 41. Rf3 Kg7 42. Qc3 Qe7 43. Kh3 Qc5 44. Qxc5 bxc5 45. Rc3 Rc8 46. Kg3 Kf8 47. Kf3 Ke7 48. Ra3 Rc7 49. Ke3 Kd7 50. Ra6 Kc8 51. Ke2 Rb7 52. Ke3 Kb8 53. Rd6 Rb2 54. Rd7 Rxg2 55. Rxf7 Rxa2 56. Rf6 Rg2 57. Rxe6 Kc8 58. Rd6 Kc7 59. Rd1 Ra2 60. Rc1 Kd7 61. Rxc5 Rh2 62. Ra5 Rxh4 63. Rxa7+ Ke6 64. Ra6+ Kf7 65. Rf6+ Kg7 66. f5 gxf5 67. Rxf5 Ra4 1/2-1/2

[Event "Quebec-ch U20"]
[Site "Montreal CAN"]
[Date "1997.03.02"]
[Round "4"]
[White "Goldenberg, Danny"]
[Black "Soudre, Nicolas"]
[Result "1-0"]
[WhiteElo "2105"]
[BlackElo "1907"]
[PlyCount "63"]
[GameId "2160767911966423"]
[EventDate "1997.03.01"]
[EventType "tourn"]
[EventRounds "7"]
[EventCountry "CAN"]

1. e4 e5 2. Nf3 Nc6 3. Bc4 Bc5 4. O-O Nf6 5. d3 d6 6. c3 O-O 7. Nbd2 Bg4 8. h3 Bh5 9. Re1 a6 10. Bb3 b5 11. Nf1 Bb6 12. Ng3 Bg6 13. Bg5 Na5 14. Bc2 c5 15. Nh2 Re8 16. Ng4 Re6 17. b4 cxb4 18. cxb4 Nc6 19. Bb3 Re8 20. Bd5 Rc8 21. Nf5 Bxf5 22. exf5 Qe7 23. Bxf6 gxf6 24. Nh6+ Kg7 25. Qh5 Rf8 26. Re4 Nd8 27. Rg4+ Kh8 28. Rh4 Bxf2+ 29. Kxf2 Rc2+ 30. Kf1 Qc7 31. Ng4 Rc1+ 32. Kf2 1-0

[Event "Quebec-ch U20"]
[Site "Montreal CAN"]
[Date "1997.03.02"]
[Round "4"]
[White "Hua, Lefong"]
[Black "Fang, Ming"]
[Result "1-0"]
[WhiteElo "2188"]
[BlackElo "1908"]
[PlyCount "36"]
[GameId "2160767911966424"]
[EventDate "1997.03.01"]
[EventType "tourn"]
[EventRounds "7"]
[EventCountry "CAN"]

1. d4 Nf6 2. c4 g6 3. Nc3 Bg7 4. e4 d6 5. f4 O-O 6. Nf3 c5 7. d5 e6 8. Be2 exd5 9. cxd5 Re8 10. Nd2 h5 11. h3 a6 12. a4 Qa5 13. Nc4 Qb4 14. Bd2 Bf5 15. Na2 Qxc4 16. Bxc4 Nxe4 17. O-O Bd4+ 18. Kh2 Nd7 1-0

[Event "Quebec-ch U20"]
[Site "Montreal CAN"]
[Date "1997.03.03"]
[Round "5"]
[White "Fang, Ming"]
[Black "Cormos, Eugene"]
[Result "0-1"]
[WhiteElo "1908"]
[BlackElo "2039"]
[PlyCount "92"]
[GameId "2160767911966426"]
[EventDate "1997.03.01"]
[EventType "tourn"]
[EventRounds "7"]
[EventCountry "CAN"]

1. d4 d5 2. c4 e6 3. Nc3 Nf6 4. cxd5 exd5 5. Bg5 Be7 6. Qc2 Nbd7 7. e3 O-O 8. Bd3 c6 9. Nge2 Re8 10. Bxf6 Nxf6 11. O-O Bd6 12. Ng3 g6 13. Rae1 Ng4 14. h3 Nxe3 15. fxe3 Bxg3 16. Re2 Bg4 17. Rd2 Rxe3 18. Nd1 Re8 19. Nf2 Bd7 20. Nh1 Bh4 21. Re2 Qg5 22. Kh2 Qh6 23. Nf2 Qf4+ 24. Kh1 Qxd4 25. Rd2 Qe5 26. Re2 Qg3 27. Kg1 Qg5 28. Kh1 Bg3 29. Qd2 Qh4 30. Kg1 Bf4 31. Qc2 Qg3 32. Rfe1 Be3 33. Kf1 Re6 34. Nh1 Qf4+ 35. Nf2 Rae8 36. Rd1 Rf6 37. Kg1 Qg3 38. Rxe3 Rxe3 39. Bf1 Bf5 40. Qd2 Rfe6 41. b3 Rc3 42. Rc1 Rxc1 43. Qxc1 Qe3 44. Qb2 d4 45. Qa1 d3 46. Qd1 d2 0-1

[Event "Quebec-ch U20"]
[Site "Montreal CAN"]
[Date "1997.03.03"]
[Round "5"]
[White "Soudre, Nicolas"]
[Black "Hua, Lefong"]
[Result "0-1"]
[WhiteElo "1907"]
[BlackElo "2188"]
[PlyCount "44"]
[GameId "2160767911966427"]
[EventDate "1997.03.01"]
[EventType "tourn"]
[EventRounds "7"]
[EventCountry "CAN"]

1. e4 g6 2. d4 Bg7 3. Nf3 d6 4. c3 Nd7 5. Bd3 b6 6. O-O Bb7 7. Be3 e6 8. Nbd2 Ne7 9. Rc1 O-O 10. Qb3 h6 11. h3 c5 12. Rfd1 Qc7 13. Qc2 Rac8 14. g3 a6 15. Nh2 b5 16. Ng4 h5 17. Nh2 cxd4 18. cxd4 Qb6 19. Qb1 Bxd4 20. Bxd4 Qxd4 21. Ndf3 Qf6 22. Rxc8 Rxc8 0-1

[Event "Quebec-ch U20"]
[Site "Montreal CAN"]
[Date "1997.03.04"]
[Round "6"]
[White "Filion, Charles"]
[Black "Goldenberg, Danny"]
[Result "0-1"]
[WhiteElo "2114"]
[BlackElo "2105"]
[PlyCount "112"]
[GameId "2160767911966429"]
[EventDate "1997.03.01"]
[EventType "tourn"]
[EventRounds "7"]
[EventCountry "CAN"]

1. Nf3 Nf6 2. c4 g6 3. Nc3 Bg7 4. e4 O-O 5. d4 d6 6. Be2 e5 7. O-O Nc6 8. d5 Ne7 9. b4 Nh5 10. c5 f5 11. Ng5 h6 12. Bxh5 hxg5 13. Be2 g4 14. a4 Kf7 15. a5 Rh8 16. f3 gxf3 17. Bxf3 f4 18. Bg4 g5 19. Ba3 Rh4 20. Bxc8 Qxc8 21. g3 Rh3 22. Rc1 Qd7 23. b5 Bf6 24. c6 bxc6 25. bxc6 Qc8 26. Qf3 g4 27. Qf2 Qh8 28. Ne2 f3 29. Nc3 Bg5 30. Rce1 Bf4 31. gxf4 g3 32. Qxf3 gxh2+ 33. Kh1 Rxf3 34. Rxf3 exf4 35. Rxf4+ Ke8 36. e5 dxe5 37. Rfe4 Ng6 38. d6 cxd6 39. Bxd6 Kf7 40. Bxe5 Nxe5 41. Rxe5 Qf6 42. R5e3 Rg8 43. c7 Qc6+ 44. Ne4 Rg1+ 45. Kxh2 Rxe1 46. c8=Q Qh6+ 47. Qh3 Qf4+ 48. Qg3 Qxe3 49. Qc7+ Ke6 50. Qd6+ Kf5 51. Qd5+ Kf4 52. Qf7+ Kxe4 53. Qe6+ Kd3 54. Qb3+ Ke2 55. Qc4+ Kf2 56. Qh4+ Kf1 0-1

[Event "Quebec-ch U20"]
[Site "Montreal CAN"]
[Date "1997.03.05"]
[Round "7"]
[White "Fang, Ming"]
[Black "Filion, Charles"]
[Result "0-1"]
[WhiteElo "1908"]
[BlackElo "2114"]
[PlyCount "128"]
[GameId "2160767911966432"]
[EventDate "1997.03.01"]
[EventType "tourn"]
[EventRounds "7"]
[EventCountry "CAN"]

1. d4 Nf6 2. c4 e6 3. Nc3 Bb4 4. e3 b6 5. Nf3 Bb7 6. a3 Bxc3+ 7. bxc3 O-O 8. Bd3 Ne4 9. Qc2 f5 10. Bb2 d6 11. O-O Nd7 12. Nd2 Nxd2 13. Qxd2 Be4 14. f3 Bxd3 15. Qxd3 Qe7 16. e4 f4 17. g4 fxg3 18. hxg3 e5 19. Kf2 Rf7 20. Ke2 Raf8 21. Rf2 c6 22. a4 Qg5 23. Rg1 d5 24. Ba3 dxe4 25. Qxe4 c5 26. Bc1 Qf6 27. d5 Qd8 28. Qh4 Qxh4 29. gxh4 Rf5 30. Rg5 g6 31. Rxf5 Rxf5 32. Bg5 Kg7 33. Rg2 h6 34. Bd8 Nf6 35. Bxf6+ Kxf6 36. Rg4 g5 37. h5 Ke7 38. Ke3 Kd6 39. Ke4 Rf8 40. Ke3 a6 41. Ke4 b5 42. cxb5 axb5 43. axb5 c4 44. b6 Rb8 45. Kf5 Kxd5 46. Re4 Rf8+ 47. Kg6 Rxf3 48. b7 Rf8 49. Re1 g4 50. Kxh6 Rb8 51. Rg1 Rxb7 52. Rxg4 e4 53. Rg3 Ke5 54. Kg5 Rg7+ 55. Kh4 Rd7 56. Kg5 Rd1 57. h6 Rh1 58. Kg6 Kf4 59. Rg2 e3 60. h7 Kf3 61. Ra2 e2 62. Ra1 Rxh7 63. Kxh7 Kf2 64. Ra2 Kf1 0-1

[Event "Quebec-ch U20"]
[Site "Montreal CAN"]
[Date "1997.03.05"]
[Round "7"]
[White "Goldenberg, Danny"]
[Black "Hua, Lefong"]
[Result "1/2-1/2"]
[WhiteElo "2105"]
[BlackElo "2188"]
[PlyCount "40"]
[GameId "2160767911966433"]
[EventDate "1997.03.01"]
[EventType "tourn"]
[EventRounds "7"]
[EventCountry "CAN"]

1. d4 g6 2. e4 Bg7 3. Nc3 d6 4. Nf3 c6 5. Be2 b5 6. a3 a6 7. O-O Nd7 8. Bf4 Ngf6 9. Qd2 Bb7 10. e5 dxe5 11. dxe5 Nd5 12. Nxd5 cxd5 13. Rfe1 e6 14. Bh6 O-O 15. Bd3 Bc6 16. Bxg7 Kxg7 17. Nd4 Qb6 18. c3 Rfb8 19. Qf4 Nf8 20. Re3 Be8 1/2-1/2

[Event "Quebec-ch intercoll."]
[Site "Montreal CAN"]
[Date "1997.03.29"]
[Round "1"]
[White "Leriche, Felix"]
[Black "Laroche, Claude"]
[Result "1-0"]
[WhiteElo "2087"]
[BlackElo "1543"]
[PlyCount "75"]
[GameId "2160767911966167"]
[EventDate "1997.03.29"]
[EventType "swiss"]
[EventRounds "6"]
[EventCountry "CAN"]

1. e4 e6 2. d3 d5 3. Nd2 c5 4. Ngf3 Nc6 5. g3 Nf6 6. Bg2 Be7 7. O-O O-O 8. e5 Nd7 9. Re1 Qc7 10. Qe2 b5 11. Nf1 Re8 12. Bf4 Nf8 13. h4 Ng6 14. Bd2 f6 15. exf6 Bxf6 16. Ng5 Nd4 17. Qd1 Bxg5 18. hxg5 Bb7 19. Ne3 Rad8 20. f4 Nf5 21. Qg4 Qf7 22. Kh2 Nge7 23. Qh3 d4 24. Ng4 Bxg2 25. Kxg2 Nc6 26. Rh1 Qg6 27. Rae1 c4 28. Re5 cxd3 29. cxd3 Ne3+ 30. Bxe3 dxe3 31. Rxe3 Rxd3 32. Rhe1 Rd2+ 33. Kg1 Qf5 34. Nh6+ gxh6 35. Qxf5 exf5 36. Rxe8+ Kf7 37. R8e2 Nd4 38. Rxd2 1-0

[Event "Quebec-ch intercoll."]
[Site "Montreal CAN"]
[Date "1997.03.29"]
[Round "1"]
[White "Richard, Christian"]
[Black "Marineau, Remi"]
[Result "0-1"]
[WhiteElo "1502"]
[BlackElo "1855"]
[PlyCount "70"]
[GameId "2160767911966168"]
[EventDate "1997.03.29"]
[EventType "swiss"]
[EventRounds "6"]
[EventCountry "CAN"]

1. d4 d5 2. Nf3 e6 3. Bf4 f5 4. Nbd2 Nf6 5. e3 Be7 6. Be2 O-O 7. Ne5 c5 8. c3 Nc6 9. Ndf3 cxd4 10. exd4 Qb6 11. Nxc6 bxc6 12. Qb3 c5 13. Qxb6 axb6 14. O-O Ba6 15. Bxa6 Rxa6 16. Rfe1 Ne4 17. h4 Rfa8 18. a3 b5 19. dxc5 Bxc5 20. Be3 Kf7 21. Bxc5 Nxc5 22. Nd4 b4 23. cxb4 Nd3 24. Re2 Nxb4 25. Rae1 Nd3 26. Rd1 Nf4 27. Rc2 Ng6 28. g3 Ne5 29. f4 Nc4 30. Kf2 Rb8 31. Rb1 Nxa3 32. Rc7+ Kf6 33. Ra1 Rxb2+ 34. Ke3 Nc4+ 35. Rxc4 Rxa1 0-1

[Event "Quebec-ch intercoll."]
[Site "Montreal CAN"]
[Date "1997.03.29"]
[Round "1"]
[White "Soudre, Nicolas"]
[Black "Nesteruk, Derek"]
[Result "1-0"]
[WhiteElo "1888"]
[BlackElo "1521"]
[PlyCount "51"]
[GameId "2160767911966169"]
[EventDate "1997.03.29"]
[EventType "swiss"]
[EventRounds "6"]
[EventCountry "CAN"]

1. e4 c5 2. Nc3 Nc6 3. f4 e6 4. Nf3 d5 5. Bb5 Bd7 6. exd5 exd5 7. Nxd5 a6 8. Qe2+ Be7 9. Nxe7 Ngxe7 10. Bxc6 Bxc6 11. d3 O-O 12. O-O Nf5 13. Qf2 Rc8 14. Bd2 Re8 15. Bc3 Re6 16. Kh1 Rg6 17. Rae1 Bxf3 18. Qxf3 Rcc6 19. Qe4 Ng3+ 20. hxg3 Rce6 21. Qf3 Qe8 22. Rxe6 Rxe6 23. g4 Qe7 24. g5 Re3 25. Qxe3 Qxe3 26. Re1 1-0

[Event "Quebec-ch intercoll."]
[Site "Montreal CAN"]
[Date "1997.03.29"]
[Round "1"]
[White "Vergara, Pablo"]
[Black "Bannon, Eric"]
[Result "1/2-1/2"]
[WhiteElo "1530"]
[BlackElo "1940"]
[PlyCount "73"]
[GameId "2160767911966170"]
[EventDate "1997.03.29"]
[EventType "swiss"]
[EventRounds "6"]
[EventCountry "CAN"]

1. Nf3 d5 2. d4 Nf6 3. Bg5 Ne4 4. Bf4 Bf5 5. Nbd2 e6 6. Nxe4 Bxe4 7. e3 Bd6 8. Bg3 Bxg3 9. hxg3 Qd6 10. a3 Nd7 11. Bd3 Nf6 12. Bxe4 Nxe4 13. Ne5 Qe7 14. Qg4 Qg5 15. Qxg5 Nxg5 16. f3 Ke7 17. Rc1 f6 18. Nd3 Kd6 19. c4 c6 20. Ke2 Rae8 21. Rh4 e5 22. dxe5+ fxe5 23. cxd5 cxd5 24. Nf2 Rc8 25. Rhh1 Ne6 26. f4 h6 27. Nd3 exf4 28. gxf4 Nc5 29. Nxc5 Rxc5 30. Rxc5 Kxc5 31. Rc1+ Kd6 32. Kd3 Re8 33. b4 Re4 34. Rc8 Re7 35. Kd4 Re4+ 36. Kd3 Re7 37. Kd4 1/2-1/2

[Event "Quebec-ch intercoll."]
[Site "Montreal CAN"]
[Date "1997.03.29"]
[Round "1"]
[White "Vivier, Christian"]
[Black "Zafirov, Stephane"]
[Result "1-0"]
[WhiteElo "1473"]
[BlackElo "1723"]
[PlyCount "81"]
[GameId "2160767911966171"]
[EventDate "1997.03.29"]
[EventType "swiss"]
[EventRounds "6"]
[EventCountry "CAN"]

1. e4 c5 2. Nf3 d6 3. d4 cxd4 4. Nxd4 Nf6 5. Nc3 g6 6. Be2 Bg7 7. O-O Nc6 8. Be3 O-O 9. Qd2 Nxd4 10. Bxd4 Be6 11. f4 Qc8 12. Bd3 d5 13. f5 dxe4 14. fxe6 exd3 15. exf7+ Rxf7 16. Qxd3 Qc6 17. Qf3 Rc8 18. Qxc6 Rxc6 19. Bxa7 Nd7 20. Rxf7 Kxf7 21. Rd1 Nb6 22. Bxb6 Rxb6 23. Rf1+ Bf6 24. b3 Rc6 25. Nd5 Rxc2 26. Rf2 Rxf2 27. Kxf2 Bd4+ 28. Kf3 e6 29. Ne3 Ke7 30. Nc4 b5 31. Ke4 Bg1 32. Na3 b4 33. Nc2 Bxh2 34. Nxb4 Kd6 35. Nd3 h5 36. Nf4 Bxf4 37. Kxf4 g5+ 38. Kxg5 e5 39. a4 Kd5 40. a5 e4 41. Kf4 1-0

[Event "Quebec-ch intercoll."]
[Site "Montreal CAN"]
[Date "1997.03.29"]
[Round "2"]
[White "Bannon, Eric"]
[Black "Lemay, David"]
[Result "1-0"]
[WhiteElo "1940"]
[BlackElo "1438"]
[PlyCount "87"]
[GameId "2160767911966172"]
[EventDate "1997.03.29"]
[EventType "swiss"]
[EventRounds "6"]
[EventCountry "CAN"]

1. e4 e5 2. Nf3 Nc6 3. Nc3 Nf6 4. d4 exd4 5. Nxd4 Bb4 6. Nxc6 bxc6 7. Bd3 h6 8. O-O d6 9. Qf3 O-O 10. e5 dxe5 11. Ne4 Nd5 12. c4 Nf4 13. Bxf4 exf4 14. Rad1 f5 15. Nd2 Rf6 16. Nb3 Qf8 17. Qxf4 Bd6 18. Qc1 c5 19. Be2 Be6 20. Bf3 Rd8 21. Rfe1 g5 22. Rxe6 Rxe6 23. Bd5 Rde8 24. Re1 Qf6 25. Rxe6 Rxe6 26. Qe3 Kf7 27. Nxc5 Bxc5 28. Qxc5 Kg6 29. Bxe6 Qxe6 30. h3 Qb6 31. Qxb6+ cxb6 32. Kf1 Kf6 33. Ke2 Ke5 34. Kd3 h5 35. b4 a6 36. a3 Ke6 37. Kd4 Kd6 38. h4 g4 39. f4 a5 40. g3 a4 41. c5+ bxc5+ 42. bxc5+ Kc6 43. Kc4 Kc7 44. Kb5 1-0

[Event "Quebec-ch intercoll."]
[Site "Montreal CAN"]
[Date "1997.03.29"]
[Round "2"]
[White "Gravel, Simon jr"]
[Black "Soudre, Nicolas"]
[Result "0-1"]
[WhiteElo "1819"]
[BlackElo "1888"]
[PlyCount "68"]
[GameId "2160767911966173"]
[EventDate "1997.03.29"]
[EventType "swiss"]
[EventRounds "6"]
[EventCountry "CAN"]

1. d4 d5 2. c4 e6 3. Nc3 Nf6 4. Bg5 Be7 5. e3 O-O 6. Nf3 h6 7. Bh4 Ne4 8. Bxe7 Qxe7 9. Qc2 c6 10. Bd3 f5 11. O-O-O Nd7 12. Rhf1 b6 13. Nd2 Ba6 14. Qa4 Nxc3 15. bxc3 Bb7 16. f3 a6 17. Qc2 Nf6 18. h3 c5 19. g4 b5 20. cxb5 c4 21. Be2 axb5 22. Qb2 b4 23. Nb1 bxc3 24. Nxc3 Bc6 25. Kd2 e5 26. Rde1 exd4 27. exd4 Qa7 28. Rd1 Qxd4+ 29. Kc2 Qc5 30. gxf5 d4 31. Ne4 Bxe4+ 32. fxe4 d3+ 33. Bxd3 cxd3+ 34. Kxd3 Ra3+ 0-1

[Event "Quebec-ch intercoll."]
[Site "Montreal CAN"]
[Date "1997.03.29"]
[Round "2"]
[White "Marineau, Remi"]
[Black "Vivier, Christian"]
[Result "0-1"]
[WhiteElo "1855"]
[BlackElo "1473"]
[PlyCount "98"]
[GameId "2160767911966175"]
[EventDate "1997.03.29"]
[EventType "swiss"]
[EventRounds "6"]
[EventCountry "CAN"]

1. e4 c6 2. d4 d5 3. exd5 cxd5 4. c4 Nf6 5. Nc3 e6 6. Nf3 Nc6 7. c5 Be7 8. Bb5 Bd7 9. O-O O-O 10. Bf4 a6 11. Bxc6 Bxc6 12. Ne5 Nd7 13. Nxc6 bxc6 14. Qa4 Qc8 15. Rfe1 Qb7 16. Re3 Rfe8 17. Rae1 Ra7 18. Qc2 Qc8 19. Rh3 g6 20. a4 Bd8 21. Qd2 Bc7 22. a5 Bxf4 23. Qxf4 Qb8 24. Qh6 Nf8 25. Qd2 Qb4 26. Ne4 Qxd2 27. Nxd2 Rb8 28. b3 Rb4 29. Rd3 Rb5 30. Ra1 Nd7 31. f4 Rab7 32. Kf2 f6 33. Re3 Kf7 34. Rae1 Nf8 35. Ra1 Nd7 36. Rh3 Nf8 37. g4 Rb4 38. Ke3 Rxb3+ 39. Nxb3 Rxb3+ 40. Kd2 Rxh3 41. Rb1 Rxh2+ 42. Ke3 Nd7 43. Rb7 Ke8 44. Rc7 Ra2 45. Rxc6 Rxa5 46. Rc8+ Ke7 47. Rh8 Nf8 48. c6 Ra4 49. Rg8 Kf7 0-1